000
00343 a2200157 4500
001
60903
020
_a
8506042933
040
_c
Anchieta - Pituba
100
_a
Arnold, Nick
240
1
0
_a
Monstros microscópicos
_l
por
245
1
0
_a
Monstros microscópicos
300
_a
142
362
0
_a
2006
650
4
_a
Literatura juvenil
942
_c
BK
999
_c
60903
_d
60903